[Event "36th European Club Cup 2021"]
[Site "Struga"]
[Date "2021.09.21"]
[Round "4.8"]
[White "Wojtaszek, Radoslaw"]
[Black "Nabaty, Tamir"]
[Result "1/2-1/2"]
[WhiteElo "2698"]
[BlackElo "2638"]
[Annotator "TA"]
[PlyCount "96"]
[EventDate "2021.09.18"]
[EventType "team-tourn"]
[EventCountry "MKD"]
[SourceTitle "playchess.com"]
[Source "ChessBase"]
[SourceQuality "1"]

{[%evp 21,96,5,31,11,9,14,19,18,14,0,0,0,0,0,0,0,22,19,17,16,16,22,10,10,10,16,
23,0,0,0,14,19,21,20,154,143,199,172,275,275,237,245,220,166,346,332,760,732,
646,262,254,206,206,196,198,220,208,202,179,166,132,55,57,56,45,0,0,0,0,0,75,
68,59,71,95,95,95]} 1. d4 d5 2. c4 e6 3. Nc3 Nf6 4. Nf3 c5 5. cxd5 Nxd5 6. e4
Nxc3 7. bxc3 cxd4 8. cxd4 Bb4+ 9. Bd2 Bxd2+ 10. Qxd2 O-O 11. Bc4 b6 12. O-O {
D41: Queen's Gambit Declined: Semi-Tarrasch with 5 cxd5.} Bb7 13. Rfe1 Qd6 14.
Rad1 {The position is equal.} Nd7 {[#]} 15. h4 $146 ({Predecessor:} 15. d5 exd5
16. e5 Qe7 17. Bxd5 Nc5 18. Bxb7 Qxb7 19. Nd4 Rad8 20. Qg5 Rxd4 21. Rxd4 {
1/2-1/2 (27) Khegay,D (2523)-Lysyj,I (2605) Barnaul 2021}) 15... Rac8 16. Bb3
h6 17. d5 exd5 18. e5 Qe7 19. Nd4 Nc5 ({Don't go for} 19... Nxe5 $2 20. f4 $18)
20. Nf5 Qe6 {[%cal Re6f5]} 21. Qf4 Nxb3 22. axb3 Rc7 23. Nd4 Qe7 24. Nf5 $40 {
[%mdl 128] White has some attack.} Qe6 $1 25. Nd4 Qe7 26. Qg3 Bc8 27. f4 {
aiming for f5.} f5 (27... Kh7 $11) 28. e6 $1 $16 Rf6 {[#]} (28... a6 $16 29.
Re5 b5 30. Nxf5 Rxf5 31. Rxf5 Bxe6) 29. Re5 $1 $18 Rxe6 (29... Bxe6 $2 30. Qe3
$18) (29... Qf8 $142 30. Rde1 Qc5) 30. Nxe6 Bxe6 {[#]} 31. Qe3 $1 d4 32. Qe2 ({
But not} 32. Qxd4 $6 Rc6) 32... d3 $2 (32... Rc6 {might work better.}) 33. Qxd3
{Black must now prevent Rxe6!} ({Not} 33. Rxd3 Rc1+ 34. Rd1 Rxd1+ 35. Qxd1 Kf7
$16) 33... Kf7 (33... Rc5 34. Qxf5 Rxe5 35. Qxe5 Qf7) 34. Rde1 Qd7 35. Qf3 (35.
Qe3 $142) 35... Rc6 36. h5 Kg8 37. Rd1 Rd6 38. Qa8+ Kh7 39. Rde1 {Threatens to
win with Qf8.} Qf7 40. b4 Bd7 41. Qxa7 (41. Qb8 $16 Qf6 42. Qxa7) 41... Qxh5
$14 42. Qc7 Qg6 43. Re7 Rd2 {[%csl Gd2][%cal Rg6g2]} 44. R1e2 Rd1+ 45. Re1
Rxe1+ (45... Rd2 $1 $11 {remains equal.} 46. R7e2 Rd6) 46. Rxe1 $16 Bc6 {
[%csl Gc6][%cal Rg6g2]} 47. Re2 Be4 48. Qc3 Qd6 {White really could win this. 
Weighted Error Value: White=0.20/Black=0.21} 1/2-1/2

[Event "36th European Club Cup 2021"]
[Site "Struga"]
[Date "2021.09.21"]
[Round "4.9"]
[White "Roiz, Michael"]
[Black "Navara, David"]
[Result "1/2-1/2"]
[WhiteElo "2580"]
[BlackElo "2676"]
[Annotator "TA"]
[PlyCount "60"]
[EventDate "2021.09.18"]
[EventType "team-tourn"]
[EventCountry "MKD"]
[SourceTitle "playchess.com"]
[Source "ChessBase"]
[SourceQuality "1"]

{[%evp 14,60,10,8,22,0,0,0,47,55,49,32,78,0,0,0,0,0,0,-3,-3,-3,0,-2,0,-4,-10,
-10,-12,-8,0,0,0,0,0,0,0,0,0,0,0,0,0,0,0,0,0,0,0]} 1. c4 c6 2. Nf3 d5 3. g3 g6
4. Bg2 Bg7 5. cxd5 cxd5 6. d4 Nf6 7. Ne5 O-O 8. Nc3 Bf5 {D73: Fianchetto
Grünfeld: 5 Nf3 .} 9. Qb3 Nc6 10. Be3 {[#]} Nxe5 $146 ({Predecessor:} 10... Qc7
11. Rc1 e6 12. O-O Rac8 13. h3 h5 14. Rfd1 Nh7 15. Nxc6 bxc6 16. Bf4 Qe7 {
1/2-1/2 (37) Sage,F (2405)-Klewe,W (2185) ICCF email 2009}) 11. dxe5 Ng4 12.
Nxd5 {Hoping for Bc5.} e6 {[#]} 13. Nf6+ (13. h3 $1 $16 {[%cal Rh3g4]} Nxe3 14.
Nxe3) 13... Nxf6 $11 {The position is equal.} 14. exf6 Qxf6 15. O-O Qxb2 16.
Qxb2 Bxb2 17. Rad1 Rad8 18. Bxb7 Bc2 19. Rxd8 Rxd8 20. Bc1 Bxc1 21. Rxc1 {[#]}
Rb8 $1 22. Rxc2 {Black must now prevent Rc7.} Rxb7 {[%mdl 4096] Endgame KR-KR}
23. Rc5 Rb2 24. Ra5 Rxe2 25. Rxa7 e5 26. Ra3 Kg7 27. Re3 Rxa2 28. Rxe5 h5 29.
h4 Ra1+ 30. Kg2 Kf6 {Weighted Error Value: White=0.06/Black=0.06} 1/2-1/2

[Event "36th European Club Cup 2021"]
[Site "Struga"]
[Date "2021.09.21"]
[Round "4.10"]
[White "Ragger, Markus"]
[Black "Rodshtein, Maxim"]
[Result "1-0"]
[WhiteElo "2665"]
[BlackElo "2599"]
[Annotator "TA"]
[PlyCount "59"]
[EventDate "2021.09.18"]
[EventType "team-tourn"]
[EventCountry "MKD"]
[SourceTitle "playchess.com"]
[Source "ChessBase"]
[SourceQuality "1"]

{[%evp 10,59,12,17,25,12,14,25,20,28,14,19,49,30,27,27,66,61,53,53,83,86,85,56,
128,120,154,142,173,172,177,167,409,404,407,390,391,394,394,377,444,397,502,
497,479,441,435,421,524,522,644,625]} 1. e4 c6 2. Nf3 d5 3. Nc3 Bg4 4. h3 Bxf3
5. Qxf3 e6 6. Be2 Nf6 {B11: Caro-Kann: Two Knights Variation.} 7. O-O d4 8. Nb1
Bd6 {White has an edge.} 9. d3 {[#]} Bc7 $146 ({Predecessor:} 9... Nbd7 10. Bd1
Rg8 11. c3 dxc3 12. d4 cxb2 13. Bxb2 e5 14. Nd2 exd4 15. Nc4 Be5 {0-1 (38)
Martin Duque,J (2444)-Suleymanli,A (2563) Belgrade 2021}) 10. h4 h5 11. Qh3
Nbd7 12. Na3 Qe7 13. c3 dxc3 14. bxc3 Nb6 15. Nb1 {White now steadily converts
the win.} c5 16. a4 {[%cal Ba2a4,Ba4a5][%mdl 32]} Nbd7 ({Black should play} 
16... Qd7 $14) 17. Na3 a6 {[#]} 18. Bg5 $1 Qd6 19. Nc4 Qc6 20. a5 Ne5 $2 (20...
Ng4 {was called for.} 21. Bd1 (21. Bxg4 hxg4 22. Qxg4 Ne5 $16) 21... b5) 21.
Bd1 $18 O-O-O 22. Ba4 {aiming for Nxe5.} Rxd3 {[#]} 23. Qxd3 {[%mdl 512]} Nxd3
24. Bxc6 bxc6 25. Rfd1 Ne5 26. Nb6+ {White is clearly winning.} Bxb6 27. axb6
Nxe4 28. Re1 Nxg5 29. Rxe5 f6 30. Ree1 {Weighted Error Value: White=0.02/
Black=0.40} 1-0

[Event "36th European Club Cup 2021"]
[Site "Struga"]
[Date "2021.09.21"]
[Round "4.11"]
[White "Huzman, Alexander"]
[Black "Anton Guijarro, David"]
[Result "0-1"]
[WhiteElo "2547"]
[BlackElo "2651"]
[Annotator "TA"]
[PlyCount "68"]
[EventDate "2021.09.18"]
[EventType "team-tourn"]
[EventCountry "MKD"]
[SourceTitle "playchess.com"]
[Source "ChessBase"]
[SourceQuality "1"]

{[%evp 11,68,22,24,14,41,0,12,0,11,10,16,10,13,8,14,0,0,0,0,8,22,0,0,0,0,0,0,0,
0,0,0,0,16,0,0,0,0,-14,-8,-10,0,-15,-14,-81,-78,-75,-85,-126,-121,-173,-168,
-204,-195,-747,-720,-720,-665,-909,-894]} 1. d4 Nf6 2. c4 e6 3. Nf3 d5 4. g3
dxc4 5. Bg2 c6 6. Ne5 Bb4+ 7. Bd2 {E04: Open Catalan: 5 Nf3.} Be7 8. Bg5 h6 {
[#]} 9. Bf4 $146 {The position is equal.} ({Predecessor:} 9. Bxf6 Bxf6 10. Na3
c3 11. bxc3 Bxe5 12. dxe5 Qa5 13. Qb3 Qxe5 14. Nc4 Qc5 15. a4 {1/2-1/2 (40)
Kucuksari,K (2310)-Smith,A (2469) Eskilstuna 2019}) 9... Nd5 10. Nxc4 b6 11.
O-O O-O 12. Nc3 Bb7 13. Rc1 Nxf4 14. gxf4 Nd7 15. e3 Rb8 16. Qe2 c5 17. dxc5 {
c6 is the strong threat.} Bxg2 18. Kxg2 Nxc5 19. Ne5 {Strongly threatening Nc6.
} Qe8 20. Qb5 Bf6 21. Rfd1 Bxe5 22. fxe5 Qe7 23. b4 a6 $1 24. Qe2 (24. Qc4 {
looks sharper.} Nd7 25. Qc7 Qg5+ 26. Kh1 Nxe5 27. f4) 24... Nd7 {[%cal Bc5d7,
Bd7b6,Bb6d5][%mdl 32]} 25. f4 b5 26. Ne4 {aiming for Rc7.} Nb6 27. Nc5 (27. Kh1
$11 {keeps the balance.}) 27... Rbd8 28. Kh3 {[#]} Rxd1 $1 29. Rxd1 Nd5 30. Rg1
(30. Qd2 $17) 30... Nxb4 $19 31. Qg4 {[%csl Gg1][%cal Rg4g7]} g6 32. f5 $2 (32.
Ne4) 32... Qxc5 {[%mdl 64] [#] Double Attack. Black is clearly winning.} 33.
fxe6 Qxe5 34. exf7+ Rxf7 {Weighted Error Value: White=0.51/Black=0.05} 0-1

[Event "36th European Club Cup 2021"]
[Site "Struga"]
[Date "2021.09.21"]
[Round "4.12"]
[White "Bartel, Mateusz"]
[Black "Steinberg, Nitzan"]
[Result "1/2-1/2"]
[WhiteElo "2611"]
[BlackElo "2537"]
[Annotator "TA"]
[PlyCount "119"]
[EventDate "2021.09.18"]
[EventType "team-tourn"]
[EventCountry "MKD"]
[SourceTitle "playchess.com"]
[Source "ChessBase"]
[SourceQuality "1"]

{[%evp 16,119,17,0,14,11,10,19,17,10,46,34,52,42,48,51,45,50,64,49,52,54,58,61,
60,47,56,37,40,37,54,59,63,60,69,36,70,65,70,59,66,51,70,64,64,68,70,65,66,56,
79,70,75,65,67,68,85,75,92,60,50,45,45,47,45,50,49,30,27,25,58,47,44,18,53,53,
79,65,71,0,65,61,58,61,91,91,88,88,158,108,143,143,124,64,75,27,29,13,31,8,8,8,
11,8,8,8]} 1. d4 d5 2. c4 c6 3. Nf3 Nf6 4. Qb3 dxc4 5. Qxc4 Bf5 6. g3 Nbd7 7.
Bg2 e6 8. O-O Be7 9. Nbd2 O-O {D23: Queen's Gambit Accepted: 3 Nf3 Nf6
sidelines.} 10. Qb3 Qb6 11. Nc4 Qa6 12. Bf4 Nd5 13. Bd6 Be4 14. Rfc1 N7b6 15.
Bxe7 Nxe7 16. Ncd2 {[#]} Bxf3 $146 ({But not} 16... Qxe2 $2 17. Bf1 $18) ({
Predecessor:} 16... Bg6 17. e3 Rfd8 18. Bf1 Qa5 19. Rc5 Qa4 20. Ne5 Qxb3 21.
Nxb3 Nd7 22. Nxg6 hxg6 {1-0 (64) Lazavik,D (2424)-Mikhailovsky,V (2228) Chess.
com INT 2020}) 17. Bxf3 Qa4 18. e3 Rfd8 19. Qxa4 Nxa4 20. Nc4 Rab8 21. Rc2 Nb6
22. Na5 e5 23. dxe5 Ng6 24. Rd1 Nxe5 25. Rxd8+ Rxd8 26. Be2 Rb8 27. f4 Ned7 28.
e4 Nf8 29. Kf2 Ne6 30. Ke3 Kf8 31. h4 g6 32. h5 Nd7 33. Rd2 Ke7 34. Ba6 Nd8 35.
Bf1 Nf6 36. hxg6 hxg6 37. b4 Rc8 38. Nc4 Ne6 39. Bh3 Rd8 40. Rxd8 Nxd8 $14 {
[%mdl 4096] Endgame KBN-KNN} 41. Bc8 Ne8 42. e5 b6 43. a3 Nc7 44. Kd3 Nd5 45.
Bg4 Nb7 46. Bf3 Ke6 $1 47. Bg4+ Ke7 $1 48. Kd4 Nc7 49. Bf3 Kd7 50. g4 b5 {
[#] ...Ne6+ is the strong threat.} 51. Nb2 a5 ({Better is} 51... c5+ 52. Ke3 (
52. bxc5 Ne6+ 53. Ke3 Nbxc5 $14) 52... cxb4 53. axb4 Nd8) 52. Nd3 axb4 53. axb4
Na6 54. e6+ (54. f5 $16) 54... fxe6 55. Ne5+ (55. Ke5 $5 {[%cal Re5f6]}) 55...
Kc7 56. Bxc6 {Strongly threatening Kc3.} Nxb4 57. Bxb5 Nd5 $1 {The position is
equal.} 58. Nxg6 {And now Ke5 would win.} Kd6 59. Bc4 {Black must now prevent
Bxd5.} Nxf4 {[%mdl 64] [#] Remove Defender} 60. Nxf4 {Weighted Error Value:
White=0.10/Black=0.07} 1/2-1/2

[Event "36th European Club Cup 2021"]
[Site "Struga"]
[Date "2021.09.21"]
[Round "4.13"]
[White "Korobov, Anton"]
[Black "Mamedov, Rauf"]
[Result "1/2-1/2"]
[WhiteElo "2685"]
[BlackElo "2654"]
[Annotator "TA"]
[PlyCount "64"]
[EventDate "2021.09.18"]
[EventType "team-tourn"]
[EventCountry "MKD"]
[SourceTitle "playchess.com"]
[Source "ChessBase"]
[SourceQuality "1"]

{[%evp 19,64,11,16,10,16,11,21,0,45,46,25,22,30,0,-8,0,33,33,33,33,33,33,33,33,
33,26,26,26,26,26,26,26,26,26,26,26,26,26,26,26,26,26,26,26,26,26,26]} 1. d4
Nf6 2. c4 e6 3. Nf3 b6 4. g3 Bb7 5. Bg2 Be7 6. O-O O-O 7. Re1 d5 8. cxd5 exd5
9. Nc3 Nbd7 10. Bf4 c5 11. h4 {E17: Queen's Indian: 4 g3 Bb7 5 Bg2 Be7.} Ne4
12. e3 Ndf6 13. a4 {[#] The position is equal.} Nh5 $146 ({Predecessor:} 13...
h6 14. Rc1 c4 15. Ne5 Rc8 16. Bh3 Nxc3 17. bxc3 Rc7 18. Bf5 Bd6 19. Bb1 Re8 {
1/2-1/2 (62) Tleptsok,R (2532)-Rydholm,L (2495) ICCF email 2016}) 14. Ne5 Nxf4
15. exf4 {[%cal Rc3e4]} f6 {Strongly threatening ...cxd4.} 16. Nc4 dxc4 17.
Nxe4 f5 {[#]} 18. Nf6+ {[%mdl 64] Discovered Attack} Bxf6 19. Bxb7 Rb8 20. Ba6
Bxd4 21. Bxc4+ Kh8 22. Qc2 g6 {White has an edge.} 23. Re2 Re8 24. Rae1 Rxe2
25. Qxe2 Rb7 26. Qe8+ Qxe8 27. Rxe8+ $11 {[%mdl 4096] Endgame KRB-KRB} Kg7 28.
b3 h5 29. Kg2 Rd7 30. Bb5 Rb7 31. Re6 Bf6 32. Kf3 Re7 {Weighted Error Value:
White=0.02/Black=0.04} 1/2-1/2

[Event "36th European Club Cup 2021"]
[Site "Struga"]
[Date "2021.09.21"]
[Round "4.14"]
[White "Shevchenko, Kirill"]
[Black "Shirov, Alexei"]
[Result "1-0"]
[WhiteElo "2633"]
[BlackElo "2652"]
[Annotator "TA"]
[PlyCount "169"]
[EventDate "2021.09.18"]
[EventType "team-tourn"]
[EventCountry "MKD"]
[SourceTitle "playchess.com"]
[Source "ChessBase"]
[SourceQuality "1"]

{[%evp 20,169,16,12,11,0,2,-8,0,-48,-7,0,0,0,18,13,35,25,37,51,66,32,48,5,45,0,
13,0,12,0,122,110,105,108,110,110,248,225,299,298,262,184,176,176,304,290,292,
278,294,294,287,282,408,277,272,263,250,241,333,281,345,352,337,329,322,301,
279,279,367,362,366,365,382,381,369,375,367,377,398,398,395,368,489,381,416,
415,420,402,935,354,318,353,346,356,352,332,480,353,429,429,429,423,419,423,
519,429,509,415,415,415,415,400,429,429,1113,0,170,0,1070,397,429,429,401,402,
429,385,698,670,729,719,814,796,723,668,618,429,429,429,429,429,425,414,425,
421,407,370,370,363,363,363,353,343]} 1. c4 e6 2. Nc3 d5 3. d4 Nf6 4. cxd5 exd5
5. Bg5 c6 6. e3 Be7 7. Bd3 Nbd7 8. Qc2 O-O 9. Nf3 h6 10. Bf4 Nh5 11. Be5 Nxe5 {
D36: Queen's Gambit Declined: Exchange Variation: Main line (5 Bg5 c6 6 Qc2).}
12. Nxe5 Nf6 13. O-O-O {[#]} c5 $146 {The position is equal.} ({Predecessor:} 
13... Nd7 14. Nf3 Nb6 15. h3 Bb4 16. g4 Qf6 17. Ne5 Nd7 18. f4 Qe7 19. Kb1 Nxe5
20. dxe5 {1-0 (43) Sulava,N (2479)-Saric,A (2402) Rabac 2003}) 14. dxc5 Qc7 15.
Nf3 Qxc5 16. Nd4 Bd7 17. Kb1 Rfc8 18. Bf5 Rc7 19. Bxd7 Rxd7 20. Rd3 Rc8 21. Rc1
Qa5 22. Nb3 Qa6 23. Qd1 Rdc7 24. Rd4 Rxc3 25. Rxc3 $16 ({Don't play} 25. bxc3
$6 Ne4 $11) 25... Rxc3 26. bxc3 Ne4 27. Qd3 {Strongly threatening f3.} Qc6 (
27... Qg6 $16) 28. c4 $18 Bf6 29. cxd5 Nc3+ 30. Kc2 Nxd5+ 31. Rc4 Qe6 (31...
Nb4+ {keeps fighting.} 32. Kd2 Nxd3 33. Rxc6 bxc6 34. Kxd3 c5) 32. Nd4 Qe8 33.
Kd2 g6 34. Rc5 Nb6 35. Ke2 Kg7 (35... Qe7 $142) 36. Kf1 Qe7 37. Qc2 Qd6 38. Kg1
Nd7 39. Rc8 Be5 40. Nf3 Nb6 41. Rc5 Nd7 42. Rb5 b6 43. Rb1 Nf6 44. Qa4 Bc3 45.
Qxa7 b5 46. Qb7 b4 47. Qb5 Qe6 48. Qe2 Ne4 49. Nd4 Qf6 50. Qc2 Qh4 51. Rd1 h5
52. Nb5 Bf6 53. Nd6 Nc3 (53... Nxd6 $142 54. Rxd6 Bc3) 54. Rd3 $2 (54. Qb3 Be5
55. Qxf7+ Kh6 56. g3 $1 {[%mdl 512]}) 54... Be5 55. h3 Qe7 56. Nc4 Bf6 57. Nb6
Qc7 (57... Qe6 $142) 58. Na4 h4 59. Nxc3 bxc3 {[%mdl 4096] Endgame KQR-KQB} 60.
a4 Qc5 61. Rd1 Qa3 62. Kf1 Be5 63. Rd5 Bf6 64. Rd7 Qc5 65. Rb7 Qc4+ 66. Kg1 Qc5
(66... g5 $142 67. a5 Be5) 67. Kf1 $2 (67. Qb3 Be7 68. Rxe7 $1 {[%mdl 576]
Deflection} Qxe7 69. Qxc3+ Kg8 70. a5) 67... Qc4+ $1 68. Kg1 $2 (68. Ke1 Qc6
69. Rb3 (69. Qb3 c2 $11)) 68... Qc5 $1 69. Rb3 $2 (69. Qb3 Be7 {[#]} 70. Rxe7
$1 {[%mdl 576] Deflection} Qxe7 71. Qxc3+ Kg8 72. a5) 69... Qc7 70. Ra3 Qc5 71.
Ra1 Bd8 72. Qd3 Qa5 $2 (72... Bf6 73. a5 c2) 73. Qb5 Qc7 74. Rc1 Bf6 75. a5 Qd6
76. Qb3 Qa6 77. Rxc3 {Rc7! is the strong threat.} Qxa5 78. Rc1 Qe5 79. Qd3 Qe6
80. Qc4 Qe5 81. Rd1 Qa5 82. f4 {White is winning.} g5 83. Rf1 Qd2 84. Qe4 Qa5
85. Qf3 {Weighted Error Value: White=0.26/Black=0.34} 1-0

[Event "36th European Club Cup 2021"]
[Site "Struga"]
[Date "2021.09.21"]
[Round "4.15"]
[White "Abasov, Nijat"]
[Black "Asadli, Vugar"]
[Result "1/2-1/2"]
[WhiteElo "2652"]
[BlackElo "2578"]
[Annotator "TA"]
[PlyCount "99"]
[EventDate "2021.09.18"]
[EventType "team-tourn"]
[EventCountry "MKD"]
[SourceTitle "playchess.com"]
[Source "ChessBase"]
[SourceQuality "1"]

{[%evp 17,99,15,6,0,-4,-6,0,-13,-18,-26,0,0,0,-32,6,13,3,12,18,19,16,10,22,29,
19,20,52,48,52,45,34,13,31,0,0,0,0,0,0,0,0,0,52,48,64,0,0,-25,0,0,4,3,8,8,6,6,
6,6,6,4,0,0,0,0,0,0,0,0,5,0,8,0,0,0,0,0,0,0,0,0,0,0,0,0]} 1. e4 c5 2. c3 d5 3.
exd5 Qxd5 4. Nf3 Nf6 5. d4 Nc6 6. Be2 e6 7. O-O cxd4 8. cxd4 Be7 9. Nc3 Qd6 10.
Qb3 {B22: Sicilian: 2 c3.} O-O 11. Rd1 Rd8 12. Nb5 Qb8 13. Nc3 Qd6 14. a3 b6
15. Nb5 {[#]} Qd7 $146 (15... Qb8 {with more complications.} 16. Qc2 Bb7 17.
Be3 Nd5 18. Rac1 Bf6) ({Predecessor:} 15... Qb8 16. Ne5 Nxe5 17. Bf4 Nfd7 18.
dxe5 Bb7 19. Qg3 Ba6 20. a4 Nc5 21. Bf3 Rxd1+ 22. Rxd1 Bb7 23. Nd6 Bxf3 24.
Qxf3 Nxa4 {1-0 (38) Appel,H (2235)-Roeder,F (2263) Freising 2001}) 16. Ne5 Nxe5
17. dxe5 Nd5 18. Bf3 Bb7 {[#]} 19. Bf4 $1 Qe8 (19... a5 20. Be4) 20. Bg3 Bc6
21. a4 Qd7 22. Nd6 a5 23. h4 Rab8 24. Be4 h6 {[%cal Re7d6]} 25. Qc4 Bxd6 26.
exd6 Rbc8 27. Qd4 {[%cal Re4d5]} Nb4 $1 28. Rdc1 f6 29. Bg6 Qb7 ({Black should
try} 29... Rb8 $11) 30. Qg4 $14 e5 31. Bf5 (31. f4 $14 e4 32. Bf5) 31... Bd7
$11 32. Rc3 Rc6 33. Rd1 {The position is equal.} Bxf5 34. Qxf5 Qd7 $132 {
[%mdl 2048] Black has counterplay} 35. Qxd7 Rxd7 36. Rxc6 Nxc6 {[%mdl 4096]
Endgame KRB-KRN} 37. f4 $1 Kf7 38. fxe5 Nxe5 39. Bf2 Rb7 40. Rc1 {[#] aiming
for Rc7+.} Ke6 41. Rc7 Rb8 42. Rxg7 Kxd6 43. Rh7 Ke6 44. Bg3 b5 45. Rxh6 bxa4
46. Bxe5 Kxe5 47. Rh5+ Kf4 48. Rxa5 Kg3 49. Rxa4 Rxb2 {[%cal Rb2b1]} 50. Ra3+ {
Weighted Error Value: White=0.05/Black=0.07} 1/2-1/2

[Event "36th European Club Cup 2021"]
[Site "Struga"]
[Date "2021.09.21"]
[Round "4.16"]
[White "Suleymanli, Aydin"]
[Black "Santos Latasa, Jaime"]
[Result "1/2-1/2"]
[WhiteElo "2536"]
[BlackElo "2627"]
[Annotator "TA"]
[PlyCount "70"]
[EventDate "2021.09.18"]
[EventType "team-tourn"]
[EventCountry "MKD"]
[SourceTitle "playchess.com"]
[Source "ChessBase"]
[SourceQuality "1"]

{[%evp 15,70,0,0,0,10,-5,0,0,5,29,16,0,0,0,0,0,7,-16,-16,-16,-10,-6,-6,-10,-10,
-8,0,0,0,-17,0,-1,0,0,0,-2,-2,-7,-7,-7,0,-7,0,-14,0,-14,0,0,0,0,0,0,0,0,0,0,0]
} 1. d4 d5 2. c4 e6 3. Nc3 c6 4. e3 Nf6 5. Nf3 Nbd7 6. Qc2 Bd6 7. b3 O-O 8. Bb2
e5 9. dxe5 {D45: Semi-Slav: 5 e3.} Nxe5 10. O-O-O {[%cal Rc4d5]} (10. Nxe5 {
is interesting.} Bxe5 11. Bd3 dxc4 12. bxc4 Qe7 13. O-O) 10... Qe7 11. cxd5
Nxd5 12. Nxd5 cxd5 13. Nxe5 {The position is equal.} Bxe5 14. Rxd5 Bxb2+ 15.
Kxb2 Qf6+ 16. Qc3 Qxf2+ 17. Rd2 Qh4 18. Bc4 {[#]} Qe7 $146 ({Predecessor:} 
18... Be6 19. Bxe6 fxe6 20. Qe5 Qf6 21. Qxf6 Rxf6 22. Rc1 Raf8 23. Rc7 R6f7 24.
Rxf7 Rxf7 25. b4 Kf8 26. a4 {1/2-1/2 (26) Kharitonov,A (2472)-Solovjov,S (2456)
St Petersburg 2005}) 19. Rf1 Be6 20. Rf4 Rad8 (20... Rfe8 {looks sharper.} 21.
Rdf2 Bxc4 22. Qxc4 Rf8 23. Re4 Qd6) 21. Rxd8 Rxd8 22. Rd4 (22. Qe5 {feels
hotter.} Rd2+ 23. Kc1 Rd8 24. Kb2) 22... Bxc4 (22... Rc8 {is more complex.} 23.
Qd3 Bxc4 24. Rxc4 Re8 25. Qc3 h5) 23. Rxd8+ Qxd8 24. Qxc4 $11 {[%mdl 4096]
Endgame KQ-KQ} g6 25. Kc2 h5 26. h4 Qe7 27. Kd3 b6 28. Ke2 Qe5 29. Kf2 Qb2+ 30.
Kf3 Qxa2 (30... Qf6+ {keeps more tension.} 31. Kg3 Qd6+ 32. Qf4 Qe6 33. Kf3 Qd7
) 31. Qc8+ $1 Kg7 32. Qc3+ Kh7 33. Qc4 $1 Kg7 34. Qc3+ Kh7 35. Qc4 $1 Kg7 {
Not much happened in this game.  Weighted Error Value: White=0.05/Black=0.03}
1/2-1/2

[Event "36th European Club Cup 2021"]
[Site "Struga"]
[Date "2021.09.21"]
[Round "4.17"]
[White "Alonso Rosell, Alvar"]
[Black "Sadikhov, Ulvi"]
[Result "1-0"]
[WhiteElo "2566"]
[BlackElo "2509"]
[Annotator "ChessBase"]
[PlyCount "85"]
[EventDate "2021.09.18"]
[EventType "team-tourn"]
[EventCountry "MKD"]
[SourceTitle "playchess.com"]
[Source "ChessBase"]
[SourceQuality "1"]
[TimeControl "40/5400+30:1800+30"]

1. d4 {[%emt 0:00:03]} d6 {[%emt 0:00:08]} 2. Nf3 {[%emt 0:00:06]} g6 {[%emt 0:
00:32]} 3. c4 {[%emt 0:00:37]} Bg7 {[%emt 0:00:06]} 4. Nc3 {[%emt 0:00:05]} Nf6
{[%emt 0:01:49]} 5. g3 {[%emt 0:00:11]} O-O {[%emt 0:00:26]} 6. Bg2 {[%emt 0:
00:06]} c6 {[%emt 0:00:05]} 7. e4 {[%emt 0:00:07]} Bg4 {[%emt 0:05:50]} 8. h3 {
[%emt 0:00:40]} Bxf3 {[%emt 0:06:22]} 9. Bxf3 {[%emt 0:00:27]} Nfd7 {[%emt 0:
00:05]} 10. Be3 {[%emt 0:01:49]} Qb6 {[%emt 0:04:40]} 11. Rb1 {[%emt 0:07:40]}
c5 {[%emt 0:10:57]} 12. d5 {[%emt 0:05:01]} Qb4 {[%emt 0:05:01]} 13. Be2 {
[%emt 0:08:11]} Nb6 {[%emt 0:12:05]} 14. Bd2 {[%emt 0:01:47]} Bxc3 {[%emt 0:13:
37]} 15. Bxc3 {[%emt 0:00:35]} Qa4 {[%emt 0:00:05]} 16. Qc1 {[%emt 0:17:07]}
Qe8 {[%emt 0:02:04]} 17. h4 {[%emt 0:17:31]} e5 {[%emt 0:05:21]} 18. dxe6 {
[%emt 0:09:23]} Qxe6 {[%emt 0:09:02]} 19. h5 {[%emt 0:00:10]} Na4 {[%emt 0:00:
35]} 20. Qh6 {[%emt 0:03:45]} Nxc3 {[%emt 0:00:15]} 21. hxg6 {[%emt 0:00:51]}
Qxg6 {[%emt 0:00:24]} 22. bxc3 {[%emt 0:00:35]} Nc6 {[%emt 0:02:39]} 23. Qe3 {
[%emt 0:09:53]} Ne5 {[%emt 0:06:46]} 24. Rh6 {[%emt 0:04:30]} Qg7 {[%emt 0:00:
05]} 25. Rxb7 {[%emt 0:01:57]} Ng6 {[%emt 0:02:44]} 26. Rh5 {[%emt 0:01:44]}
Rfb8 {[%emt 0:01:27]} 27. Rb3 {[%emt 0:00:55]} a5 {[%emt 0:01:39]} 28. Rb5 {
[%emt 0:01:10]} Re8 {[%emt 0:00:48]} 29. f4 {[%emt 0:01:33]} f6 {[%emt 0:01:16]
} 30. Rd5 {[%emt 0:00:57]} Ne7 {[%emt 0:00:47]} 31. Rb7 {[%emt 0:01:33]} Qf8 {
[%emt 0:02:32]} 32. Rd1 {[%emt 0:00:32]} Rab8 {[%emt 0:00:52]} 33. Rb5 {
[%emt 0:00:47]} Qh6 {[%emt 0:00:29]} 34. Qf3 {[%emt 0:00:34]} Qh2 {[%emt 0:02:
49]} 35. Kd2 {[%emt 0:00:25]} Qh6 {[%emt 0:00:19]} 36. Kc2 {[%emt 0:00:27]} f5
{[%emt 0:01:42]} 37. Rxb8 {[%emt 0:02:52]} Rxb8 {[%emt 0:00:04]} 38. exf5 {
[%emt 0:00:17]} a4 {[%emt 0:00:25]} 39. Qe4 {[%emt 0:00:56]} Qf8 {[%emt 0:02:
08]} 40. Qe6+ {[%emt 0:00:00]} Kh8 {[%emt 0:00:00]} 41. f6 {[%emt 0:11:38]} Ng6
{[%emt 0:02:50]} 42. f7 {[%emt 0:07:24]} a3 {[%emt 0:00:40]} 43. Rxd6 {[%emt 0:
00:59]} 1-0